Entrepreneurship development in India : (Record no. 95272)

MARC details
000 -LEADER
fixed length control field 00883nam a22002537a 4500
005 - DATE AND TIME OF LATEST TRANSACTION
control field 20150923110859.0
010 ## - LCCN (DPL NO)
LC control number ENG-113677
020 ## - INTERNATIONAL STANDARD BOOK NUMBER
International Standard Book Number 9788178359892
Terms of availability 990.00
035 ## - SYSTEM CONTROL NUMBER
System control number EN-97209
037 ## - SOURCE OF ACQUISITION
Source of stock number/acquisition DBAD/PUB
082 ## - DEWEY DECIMAL CLASSIFICATION NUMBER
Classification number 338.040954
100 ## - MAIN ENTRY--PERSONAL NAME
Personal name Tabe, Noboru
245 ## - TITLE STATEMENT
Title Entrepreneurship development in India :
Statement of responsibility, etc by Noboru Tabe [and] Somu Giriappa
Remainder of title emergence from local to global business leadership /
260 ## - PUBLICATION, DISTRIBUTION, ETC. (IMPRINT)
Place of publication, distribution, etc Delhi
Name of publisher, distributor, etc Kalpaz Publications
Date of publication, distribution, etc 2013
270 ## - ADDRESS
Address C-30, Satyawati Nagar
City Delhi
Postal code 110052
300 ## - PHYSICAL DESCRIPTION
Extent 333p.
Dimensions 23cm(Hb)
500 ## - GENERAL NOTE
General note Includes bibliographical references and index
650 ## - SUBJECT ADDED ENTRY--TOPICAL TERM
Topical term or geographic name as entry element Enterpreneurship
Geographic subdivision India
650 ## - SUBJECT ADDED ENTRY--TOPICAL TERM
Topical term or geographic name as entry element Business Enterprises
Geographic subdivision India
650 ## - SUBJECT ADDED ENTRY--TOPICAL TERM
Topical term or geographic name as entry element Technological Innovations
General subdivision Economic aspects
Geographic subdivision India
650 ## - SUBJECT ADDED ENTRY--TOPICAL TERM
Topical term or geographic name as entry element Industrial Policy
Geographic subdivision India
700 ## - ADDED ENTRY--PERSONAL NAME
Personal name Giriappa, Somu
942 ## - ADDED ENTRY ELEMENTS (KOHA)
Source of classification or shelving scheme Dewey Decimal Classification
Item type English Books
Call number suffix TAB
Classification part 338.040954
Holdings
Withdrawn status Lost status Not for loan Collection code Home library Current library Date acquired Source of acquisition Cost, normal purchase price Full call number Barcode Copy number Cost, replacement price Koha item type
    Not For Loan Non-fiction D.B.Act.Division D.B.Act.Division 28/07/2015 DBAD/PUB 990.00 338.040954 TAB EN-97209 1 990.00 English Books

© Delhi Public Library
Hit Counter
free hit counter